000 00430nam a2200169 a 4500
001 000037619
005 20200930080455.0
008 121008s2011 mx a 000 0 spa d
020 _a9685146489
040 _aDO-SdBNP
_bspa
_cBNPHU
082 _axxxx
_bxxxx
245 0 4 _aLas mil y una noches.
260 _aMéxico, :
_bLeyenda,
_c2011.
300 _a187 p. :
_bil. ;
_c20 cm.
490 1 _aClásicos
830 0 _aClásicos
_99850
999 _c37109
_d37109